[Event "4NCL Division 1b"]
[Site "Daventry, ENG"]
[Date "2020.01.12"]
[Round "4.82"]
[White "Kanyamarala, Tarun"]
[Black "Eggleston, David J"]
[Result "1/2-1/2"]
[WhiteElo "2320"]
[BlackElo "2396"]
[PlyCount "86"]
[EventDate "2020.01.12"]
[WhiteTeam "Gonzaga"]
[BlackTeam "Cheddleton"]

1. d4 Nf6 2. c4 e6 3. Nc3 Bb4 4. f3 d5 5. a3 Bxc3+ 6. bxc3 c5 7. cxd5 Nxd5 8.
dxc5 Qa5 9. e4 Ne7 10. Be3 O-O 11. Qb3 Qc7 12. Bb5 Nec6 13. Ne2 Na5 14. Qb4 e5
15. O-O Na6 16. Bxa6 bxa6 17. c4 Rb8 18. Qe1 Be6 19. Nc3 Nxc4 20. Nd5 Qd8 21.
Rd1 Rb3 22. Bf2 Nb2 23. Bh4 g5 24. Qg3 h6 25. Qxe5 Nxd1 26. Rxd1 Bxd5 27. Be1
Qc8 28. Qxd5 Qe6 29. h4 g4 30. fxg4 Rxa3 31. g5 hxg5 32. Qxg5+ Qg6 33. Qf4 Ra2
34. g4 Qg7 35. Rd5 f6 36. Qf5 Qh7 37. Bg3 Qxf5 38. exf5 Ra4 39. c6 Rxg4 40. Kf2
Rc8 41. c7 Kh7 42. Ra5 Rxg3 43. Kxg3 Rxc7 1/2-1/2

[Event "4NCL Division 1b"]
[Site "Daventry, ENG"]
[Date "2020.01.12"]
[Round "4.83"]
[White "Arkell, Keith C"]
[Black "Wall, Gavin"]
[Result "0-1"]
[WhiteElo "2460"]
[BlackElo "2317"]
[PlyCount "116"]
[EventDate "2020.01.12"]
[WhiteTeam "Cheddleton"]
[BlackTeam "Gonzaga"]

1. d4 f5 2. g3 Nf6 3. Bg2 g6 4. Nf3 Bg7 5. O-O O-O 6. b4 d6 7. Bb2 c6 8. c4 a5
9. b5 cxb5 10. cxb5 a4 11. Nc3 Qa5 12. Rb1 Nbd7 13. d5 Nb6 14. Nd4 Bd7 15. Qd3
Ng4 16. e3 Rac8 17. Rbc1 Qb4 18. Ba1 f4 19. Nce2 fxe3 20. fxe3 Rxf1+ 21. Rxf1
Nc4 22. Bc3 Qc5 23. Qe4 Nf6 24. Qf4 Rf8 25. Qg5 h6 26. Qxg6 Nxe3 27. Rf3 Nxg2
28. Kxg2 Qxd5 29. Nf4 Qxa2+ 30. Rf2 Qf7 31. Nf5 Bxf5 32. Qxf5 Qc4 33. Qe6+ Qxe6
34. Nxe6 Rc8 35. Bd4 Kf7 36. Re2 Bh8 37. b6 Nd5 38. Bxh8 Rxh8 39. Nd4 Ra8 40.
Rf2+ Kg6 41. Ra2 Nxb6 42. Rb2 Ra6 43. Nb5 a3 44. Nxa3 Rxa3 45. Rxb6 Ra7 46. Kf3
Kf6 47. Kg4 Ke5 48. Kh5 d5 49. Rxh6 Ra6 50. Rh7 Re6 51. Rh8 d4 52. Ra8 d3 53.
Ra1 Kd4 54. Rd1 Kc3 55. g4 d2 56. h4 Re1 57. Rxd2 Kxd2 58. Kg6 b5 0-1

[Event "4NCL Division 1b"]
[Site "Daventry, ENG"]
[Date "2020.01.12"]
[Round "4.84"]
[White "Kanyamarala, Trisha"]
[Black "Williams, Simon K"]
[Result "0-1"]
[WhiteElo "2195"]
[BlackElo "2461"]
[PlyCount "74"]
[EventDate "2020.01.12"]
[WhiteTeam "Gonzaga"]
[BlackTeam "Cheddleton"]

1. d4 e6 2. c4 b6 3. Nf3 Bb7 4. a3 f5 5. Nc3 Nf6 6. d5 Be7 7. e3 O-O 8. Nd4 c5
9. dxc6 Nxc6 10. Nf3 Ne4 11. Bd2 Bh4 12. Nxh4 Qxh4 13. g3 Qf6 14. Bg2 Ne5 15.
O-O Nxd2 16. Qxd2 Nf3+ 17. Bxf3 Bxf3 18. Nb5 e5 19. Qd6 Qxd6 20. Nxd6 Rf6 21.
Nb5 g5 22. Rac1 Rc6 23. b3 a6 24. Nc3 Rac8 25. Rb1 Kf7 26. a4 Rh6 27. Rfd1 Ke8
28. Rd5 Bxd5 29. Nxd5 Rd6 30. Rd1 Kd8 31. f4 gxf4 32. gxf4 exf4 33. exf4 b5 34.
axb5 axb5 35. Ra1 bxc4 36. bxc4 Rxc4 37. Ne3 Rxf4 0-1

[Event "4NCL Division 1b"]
[Site "Daventry, ENG"]
[Date "2020.01.12"]
[Round "4.85"]
[White "Thorfinnsson, Bjorn"]
[Black "McPhillips, Karl"]
[Result "0-1"]
[WhiteElo "2411"]
[BlackElo "2220"]
[PlyCount "98"]
[EventDate "2020.01.12"]
[WhiteTeam "Cheddleton"]
[BlackTeam "Gonzaga"]

1. d4 d5 2. Bg5 Bg4 3. Nd2 Nc6 4. c3 Qd7 5. h3 Bh5 6. Ngf3 f6 7. Bf4 O-O-O 8.
b4 e5 9. Be3 e4 10. Ng1 Nce7 11. Nb3 f5 12. Nc5 Qd6 13. Qa4 Kb8 14. Bf4 Qxf4
15. Qb5 b6 16. Ne6 Qd6 17. Nxd8 Qxd8 18. e3 g5 19. Ne2 Bh6 20. h4 f4 21. hxg5
Bxe2 22. Qxe2 Bxg5 23. exf4 Bxf4 24. a4 Nf6 25. a5 Ng6 26. g3 Bg5 27. Qa6 Qe7
28. Bb5 Qd6 29. Ra2 e3 30. f4 Ne4 31. Bd3 Nxc3 32. axb6 Qxb6 33. Qxb6+ cxb6 34.
Rc2 Be7 35. Bxg6 Bxb4 36. Rxh7 Rg8 37. f5 Nb5+ 38. Kf1 Nxd4 39. Bf7 Rf8 40. Ra2
Nxf5 41. Kg2 d4 42. g4 d3 43. Bd5 e2 44. gxf5 e1=Q 45. Raxa7 Qe2+ 46. Kh3 Qf1+
47. Bg2 Qxf5+ 48. Kh2 Qe5+ 49. Kh3 Qe3+ 0-1

[Event "4NCL Division 1b"]
[Site "Daventry, ENG"]
[Date "2020.01.12"]
[Round "4.86"]
[White "Thorarinsson, Pall A."]
[Black "Thorfinnsson, Bragi"]
[Result "0-1"]
[WhiteElo "2189"]
[BlackElo "2430"]
[PlyCount "78"]
[EventDate "2020.01.12"]
[WhiteTeam "Gonzaga"]
[BlackTeam "Cheddleton"]

1. d4 Nf6 2. c4 g6 3. Nc3 c5 4. d5 Bg7 5. e4 d6 6. Bd3 O-O 7. h3 e6 8. Nf3 Nbd7
9. Be3 e5 10. g4 a6 11. Nd2 Rb8 12. Qc2 Ne8 13. O-O-O Nc7 14. h4 b5 15. h5 Nb6
16. f3 bxc4 17. Nxc4 Nxc4 18. Bxc4 g5 19. h6 Bf6 20. Rh5 Kh8 21. Qd2 Rg8 22.
Ne2 Nb5 23. Bxb5 axb5 24. Kb1 b4 25. Ng3 Ra8 26. Rh2 Qa5 27. b3 Bd7 28. Rc1 Qa6
29. Nh5 Be7 30. Ng7 f6 31. Nf5 Bd8 32. Bg1 Bb5 33. Ne3 Bd3+ 34. Ka1 Be7 35. Nc4
Bxc4 36. Rxc4 Rg6 37. Be3 Bf8 38. Qd1 Rxh6 39. Rxh6 Qxa2# 0-1

[Event "4NCL Division 1b"]
[Site "Daventry, ENG"]
[Date "2020.01.12"]
[Round "4.87"]
[White "Connell, Blair N"]
[Black "Murray, David"]
[Result "1-0"]
[WhiteElo "2239"]
[BlackElo "2140"]
[PlyCount "55"]
[EventDate "2020.01.12"]
[WhiteTeam "Cheddleton"]
[BlackTeam "Gonzaga"]

1. e4 e6 2. d4 d5 3. e5 c5 4. c3 Nc6 5. Nf3 Qb6 6. a3 Nh6 7. b4 cxd4 8. cxd4
Nf5 9. Bb2 Bd7 10. Qd3 Rc8 11. Bc3 a6 12. Nbd2 f6 13. Nb3 fxe5 14. dxe5 Be7 15.
Be2 a5 16. Nxa5 Nxa5 17. bxa5 Qb3 18. Bd2 Qxd3 19. Bxd3 O-O 20. Bb4 Bc5 21. Rb1
Rf7 22. O-O h6 23. Rfc1 Ba7 24. Rxc8+ Bxc8 25. Rc1 Bd7 26. Rc7 Nd4 27. Bg6 Rxf3
28. Rxd7 1-0

[Event "4NCL Division 1b"]
[Site "Daventry, ENG"]
[Date "2020.01.12"]
[Round "4.88"]
[White "Bourached, Anthony"]
[Black "O'Gorman, Alice"]
[Result "1-0"]
[WhiteElo "2033"]
[BlackElo "1906"]
[PlyCount "77"]
[EventDate "2020.01.12"]
[WhiteTeam "Gonzaga"]
[BlackTeam "Cheddleton"]

1. e4 e5 2. Nf3 Nf6 3. Nxe5 d6 4. Nf3 Nxe4 5. d4 d5 6. Bd3 Nc6 7. O-O Be7 8. c4
Nb4 9. cxd5 Nxd3 10. Qxd3 Nf6 11. Re1 O-O 12. Nc3 h6 13. Ne5 Bb4 14. Qg3 Kh8
15. Qh4 Bf5 16. Bg5 Kg8 17. Bxf6 Qxf6 18. Qxf6 gxf6 19. Nf3 Rad8 20. Re3 Rfe8
21. Rae1 Rxe3 22. fxe3 Bd3 23. Rc1 Rd7 24. Nd2 Ba5 25. Nb3 Bb6 26. Nc5 Bxc5 27.
dxc5 f5 28. Rd1 Be4 29. Kf2 f6 30. Nxe4 fxe4 31. Kg3 Kf7 32. Kf4 Re7 33. d6
cxd6 34. cxd6 Rd7 35. Kf5 a6 36. Rd4 b5 37. b4 Rd8 38. d7 h5 39. g3 1-0

[Event "4NCL Division 1b"]
[Site "Daventry, ENG"]
[Date "2020.02.08"]
[Round "5.51"]
[White "Zhou, Yang-Fan"]
[Black "Erdos, Viktor"]
[Result "1/2-1/2"]
[WhiteElo "2433"]
[BlackElo "2621"]
[PlyCount "20"]
[EventDate "2020.02.08"]
[WhiteTeam "Guildford 2"]
[BlackTeam "Chess.com Manx Liberty 1"]

1. e4 e5 2. Nf3 Nc6 3. Bc4 Bc5 4. c3 d6 5. d4 exd4 6. cxd4 Bb6 7. h3 Nf6 8. Nc3
h6 9. O-O O-O 10. Re1 Ne7 1/2-1/2

[Event "4NCL Division 1b"]
[Site "Daventry, ENG"]
[Date "2020.02.08"]
[Round "5.52"]
[White "Lupulescu, Constantin"]
[Black "Sarakauskas, Gediminas"]
[Result "1/2-1/2"]
[WhiteElo "2649"]
[BlackElo "2433"]
[PlyCount "133"]
[EventDate "2020.02.08"]
[WhiteTeam "Chess.com Manx Liberty 1"]
[BlackTeam "Guildford 2"]

1. d4 d5 2. c4 c6 3. Nf3 Nf6 4. e3 Bg4 5. h3 Bxf3 6. Qxf3 g6 7. Nc3 Bg7 8. Bd3
O-O 9. O-O dxc4 10. Bxc4 Nbd7 11. Rd1 e5 12. d5 e4 13. Nxe4 Ne5 14. Nxf6+ Bxf6
15. Qe2 Nxc4 16. Qxc4 cxd5 17. Rxd5 Qb6 18. Rb5 Qa6 19. e4 Rfd8 20. Be3 Bxb2
21. Rb1 Bg7 22. e5 Bxe5 23. Qb3 Bd4 24. Rxb7 Qf6 25. Bxd4 Rxd4 26. Rxa7 Rxa7
27. Qb8+ Kg7 28. Qxa7 Qf4 29. a3 h5 30. Re1 h4 31. Qc5 Rd3 32. Ra1 Qf6 33. Rb1
Rc3 34. Qb4 Rc2 35. Rf1 Ra2 36. a4 g5 37. Qc4 Qe6 38. Qd4+ Qf6 39. Qc4 Qe6 40.
Qb5 Qf6 41. Kh1 Qf4 42. a5 Qd2 43. Qe5+ Kh7 44. Ra1 Qxf2 45. Rxa2 Qxa2 46. Qxg5
Qb1+ 47. Kh2 Qb8+ 48. Kg1 Qb1+ 49. Kh2 Qb8+ 50. Kg1 Qb1+ 51. Kf2 Qc2+ 52. Kf3
Qd1+ 53. Ke4 Qa4+ 54. Ke3 Qb3+ 55. Kd2 Qb2+ 56. Ke1 Qb1+ 57. Ke2 Qe4+ 58. Qe3
Qxg2+ 59. Ke1 Qd5 60. Qc3 f5 61. Kf2 Kg6 62. Qb4 Kh5 63. Qa3 Qd2+ 64. Kf1 Qd1+
65. Kf2 Qd2+ 66. Kf1 Qd1+ 67. Kf2 1/2-1/2

[Event "4NCL Division 1b"]
[Site "Daventry, ENG"]
[Date "2020.02.08"]
[Round "5.53"]
[White "Wadsworth, Matthew J"]
[Black "Parligras, Mircea-Emilian"]
[Result "1-0"]
[WhiteElo "2401"]
[BlackElo "2600"]
[PlyCount "109"]
[EventDate "2020.02.08"]
[WhiteTeam "Guildford 2"]
[BlackTeam "Chess.com Manx Liberty 1"]

1. Nf3 d5 2. b3 c5 3. e3 Nc6 4. Bb2 Nf6 5. Bb5 Bd7 6. O-O e6 7. d3 Be7 8. Bxc6
Bxc6 9. Ne5 Rc8 10. Nd2 O-O 11. f4 d4 12. e4 Nd7 13. Qg4 f5 14. Nxc6 Rxc6 15.
Qf3 g6 16. Rae1 Bf6 17. Nc4 Qc7 18. a4 Kh8 19. Re2 Bg7 20. e5 Qb8 21. a5 Ra6
22. b4 b5 23. Nd6 cxb4 24. Qf2 Rxd6 25. exd6 Qxd6 26. Rfe1 Re8 27. Rb1 Nb8 28.
Bc1 a6 29. Bd2 Nc6 30. Qe1 Bf8 31. h3 Qd5 32. g4 Bd6 33. gxf5 Qxf5 34. Qg3 Rf8
35. Qg2 Ne7 36. Rbe1 Nd5 37. Rxe6 Bxf4 38. Re8 Be3+ 39. Bxe3 dxe3 40. Rxf8+
Qxf8 41. Kh1 Qf5 42. Rf1 Nf4 43. Qa8+ Kg7 44. Qa7+ Kf6 45. Qd4+ Kg5 46. h4+ Kg4
47. Qxe3 Qd5+ 48. Qe4 Qxe4+ 49. dxe4 g5 50. hxg5 Kxg5 51. e5 Ne6 52. Rf6 Nd4
53. Rxa6 Nxc2 54. Rd6 b3 55. Rd3 1-0

[Event "4NCL Division 1b"]
[Site "Daventry, ENG"]
[Date "2020.02.08"]
[Round "5.55"]
[White "Ciuksyte, Dagne"]
[Black "Bulmaga, Irina"]
[Result "1/2-1/2"]
[WhiteElo "2295"]
[BlackElo "2446"]
[PlyCount "105"]
[EventDate "2020.02.08"]
[WhiteTeam "Guildford 2"]
[BlackTeam "Chess.com Manx Liberty 1"]

1. e4 c5 2. Nf3 d6 3. d4 cxd4 4. Nxd4 Nf6 5. Nc3 a6 6. Bc4 e6 7. O-O b5 8. Bb3
Be7 9. f4 O-O 10. f5 e5 11. Nde2 Bb7 12. Ng3 Nbd7 13. Bg5 b4 14. Bxf6 Nxf6 15.
Nd5 Bxd5 16. Bxd5 Rc8 17. Bb3 d5 18. exd5 Bc5+ 19. Kh1 Bd4 20. Rb1 a5 21. Nh5
Rc5 22. a4 Re8 23. Re1 g6 24. fxg6 hxg6 25. Nxf6+ Qxf6 26. Rf1 Qd6 27. Qf3 Rc7
28. Qf6 Qxf6 29. Rxf6 e4 30. Rc6 Rxc6 31. dxc6 e3 32. Bc4 Kf8 33. g3 Bb6 34.
Rd1 Rc8 35. Bb5 Ke7 36. Kg2 Ke6 37. Kf3 g5 38. Bc4+ Ke5 39. Rd5+ Kf6 40. Bb5
g4+ 41. Kxg4 Rxc6 42. Kf3 Re6 43. Ke2 Ke7 44. Bd3 Rf6 45. Bf5 Rd6 46. Rxd6 Kxd6
47. c3 Bc5 48. h4 Kd5 49. Bd3 Bd6 50. g4 bxc3 51. bxc3 Be5 52. Bb1 Bxc3 53.
Kxe3 1/2-1/2

[Event "4NCL Division 1b"]
[Site "Daventry, ENG"]
[Date "2020.02.08"]
[Round "5.56"]
[White "Cyborowski, Lukasz"]
[Black "Povah, Nigel E"]
[Result "1-0"]
[WhiteElo "2505"]
[BlackElo "2284"]
[PlyCount "81"]
[EventDate "2020.02.08"]
[WhiteTeam "Chess.com Manx Liberty 1"]
[BlackTeam "Guildford 2"]

1. d4 d5 2. Nf3 Nf6 3. e3 c5 4. c4 e6 5. Nc3 Nc6 6. cxd5 exd5 7. Bb5 a6 8.
Bxc6+ bxc6 9. O-O Qc7 10. h3 h6 11. dxc5 Bxc5 12. b3 O-O 13. Bb2 Re8 14. Na4
Be7 15. Rc1 Qd6 16. Nd4 Bb7 17. Nf5 Qe6 18. Nxe7+ Qxe7 19. Qd4 Rad8 20. Rfe1
Qc7 21. Nc5 Bc8 22. Re2 a5 23. Rd2 Bf5 24. f3 Qg3 25. Qf4 Qxf4 26. exf4 Ra8 27.
Na4 Ra6 28. Kf2 Nd7 29. g4 Bh7 30. f5 f6 31. Rdc2 Rc8 32. Re2 c5 33. Re7 Rd6
34. f4 Kf8 35. Re6 Rdc6 36. Ba3 Bg8 37. Rxc6 Rxc6 38. Bxc5+ Nxc5 39. Rxc5 Rxc5
40. Nxc5 Ke7 41. Ke3 1-0

[Event "4NCL Division 1b"]
[Site "Daventry, ENG"]
[Date "2020.02.08"]
[Round "5.58"]
[White "Kolbus, Dietmar"]
[Black "Grieve, Harry"]
[Result "1-0"]
[WhiteElo "2294"]
[BlackElo "2299"]
[PlyCount "169"]
[EventDate "2020.02.08"]
[WhiteTeam "Chess.com Manx Liberty 1"]
[BlackTeam "Guildford 2"]

1. c4 f5 2. Nf3 Nf6 3. g3 d6 4. d4 g6 5. Bg2 Bg7 6. O-O O-O 7. Nc3 Qe8 8. d5
Na6 9. Nd4 Nc5 10. Rb1 Bd7 11. b3 c6 12. e3 Rc8 13. Bb2 Qf7 14. Qe2 Nce4 15.
dxc6 bxc6 16. Nf3 g5 17. Nxe4 Nxe4 18. Bxg7 Qxg7 19. Qb2 c5 20. Qxg7+ Kxg7 21.
Rb2 a5 22. Nd2 Bc6 23. f4 h6 24. Rfb1 g4 25. a3 Kf6 26. Kf1 Rb8 27. Nxe4+ Bxe4
28. Bxe4 fxe4 29. Ke1 h5 30. b4 axb4 31. axb4 cxb4 32. Rxb4 Rxb4 33. Rxb4 Ra8
34. Rb5 Ra1+ 35. Kf2 Ra2+ 36. Kg1 Ra1+ 37. Kf2 Ra2+ 38. Kg1 Re2 39. Rxh5 Rxe3
40. c5 Rc3 41. Rh6+ Kf5 42. cxd6 exd6 43. Rh5+ Ke6 44. Kf2 d5 45. Rg5 e3+ 46.
Ke2 d4 47. Re5+ Kd6 48. Re8 Kd5 49. Rd8+ Kc4 50. Rc8+ Kb3 51. Rb8+ Kc4 52. Rc8+
Kb3 53. Rb8+ Kc2 54. Rd8 Rc4 55. f5 Kc3 56. f6 Rc7 57. Rg8 Rf7 58. Rc8+ Kb4 59.
Kd3 Rxf6 60. Rc4+ Kb5 61. Rxd4 Rf2 62. Kxe3 Rxh2 63. Rxg4 Kc5 64. Rg6 Kd5 65.
Kf4 Rf2+ 66. Kg5 Ke5 67. g4 Rf8 68. Rg7 Ke6 69. Kh6 Rh8+ 70. Rh7 Ra8 71. g5 Ra1
72. Rb7 Rh1+ 73. Kg7 Rg1 74. g6 Rg2 75. Kh7 Rh2+ 76. Kg8 Rg2 77. g7 Rg1 78. Kf8
Rf1+ 79. Ke8 Rg1 80. Rb6+ Ke5 81. Kf7 Rf1+ 82. Ke7 Rg1 83. Rb5+ Ke4 84. Kf7
Rf1+ 85. Kg6 1-0

[Event "4NCL Division 1b"]
[Site "Daventry, ENG"]
[Date "2020.02.08"]
[Round "5.61"]
[White "Fodor, Tamas Jr."]
[Black "Gormally, Daniel W"]
[Result "1-0"]
[WhiteElo "2518"]
[BlackElo "2508"]
[PlyCount "87"]
[EventDate "2020.02.08"]
[WhiteTeam "Cheddleton"]
[BlackTeam "Blackthorne Russia"]

1. d4 Nf6 2. Nf3 e6 3. e3 d5 4. Bd3 c5 5. b3 Nc6 6. Bb2 Bd6 7. O-O O-O 8. a3 b6
9. Nbd2 Bb7 10. Ne5 Qc7 11. f4 Ne7 12. Rf3 c4 13. bxc4 dxc4 14. Ndxc4 Bxf3 15.
Qxf3 Ng6 16. Rf1 Be7 17. g4 b5 18. Nxg6 hxg6 19. Ne5 Bd6 20. f5 exf5 21. gxf5
g5 22. Qg2 Rae8 23. Qxg5 Rxe5 24. dxe5 Bxe5 25. Bxe5 Qxe5 26. Rf3 Rb8 27. Rg3
Nh7 28. Qh4 Qf6 29. Qf4 Rc8 30. Kg2 a6 31. a4 Rc5 32. Qe4 Re5 33. Qa8+ Nf8 34.
axb5 axb5 35. Qb7 Rxf5 36. Bxf5 Qxf5 37. Qc6 Ng6 38. e4 Nh4+ 39. Kg1 Qf4 40.
Qe8+ Kh7 41. Qxb5 f5 42. Qb2 Nf3+ 43. Kh1 Ng5 44. Qd4 1-0

[Event "4NCL Division 1b"]
[Site "Daventry, ENG"]
[Date "2020.02.08"]
[Round "5.71"]
[White "Houska, Jovanka"]
[Black "O'Toole, George E"]
[Result "1-0"]
[WhiteElo "2401"]
[BlackElo "2252"]
[PlyCount "70"]
[EventDate "2020.02.08"]
[WhiteTeam "Wood Green Monarchs"]
[BlackTeam "Barbican 4NCL 2"]

1. d4 Nf6 2. Nf3 g6 3. Nbd2 Bg7 4. e4 d6 5. Bb5+ c6 6. Bd3 O-O 7. O-O c5 8. c3
cxd4 9. cxd4 Nc6 10. d5 Nb4 11. Bc4 a5 12. Re1 a4 13. a3 Na6 14. Qxa4 Bd7 15.
Qd1 b5 16. Bd3 Qc7 17. Nb3 Ng4 18. h3 Ne5 19. Nxe5 Bxe5 20. Qe2 Rfb8 21. Be3 h5
22. Rec1 Qd8 23. Nd4 Nc5 24. Nc6 Bxc6 25. dxc6 Bxb2 26. Qxb2 Nxd3 27. Qc2 Nc5
28. Bxc5 dxc5 29. Qxc5 Qc7 30. Rab1 Ra5 31. Rb4 Rb6 32. a4 Rxa4 33. Rxa4 bxa4
34. Qxb6 Qxb6 35. c7 Qb1 1-0

[Event "4NCL Division 1b"]
[Site "Daventry, ENG"]
[Date "2020.02.08"]
[Round "5.72"]
[White "Navarro Cia, Miguel"]
[Black "Derakhshani, Borna"]
[Result "0-1"]
[WhiteElo "2256"]
[BlackElo "2342"]
[PlyCount "130"]
[EventDate "2020.02.08"]
[WhiteTeam "Barbican 4NCL 2"]
[BlackTeam "Wood Green Monarchs"]

1. d4 Nf6 2. c4 g6 3. Nc3 d5 4. Bf4 Bg7 5. e3 c6 6. h3 O-O 7. Nf3 Qa5 8. Qa4
Qxa4 9. Nxa4 dxc4 10. Nc3 b5 11. a4 Bd7 12. Ne5 a6 13. Be2 Nd5 14. Bg3 f6 15.
Nf3 Be6 16. axb5 Nxc3 17. bxc3 cxb5 18. e4 Nd7 19. O-O Nb6 20. Bc7 Na4 21. Ba5
Rfb8 22. Rfb1 Nb6 23. d5 Bf7 24. Nd4 Nd7 25. Nc6 Re8 26. Bb4 Bf8 27. Ra5 e6 28.
d6 Rec8 29. Ne7+ Bxe7 30. dxe7 Nc5 31. Bxc5 Rxc5 32. Rba1 Re8 33. Rxa6 Rxe7 34.
Rb6 Kg7 35. Raa6 Re5 36. Bf3 Be8 37. g3 Kf7 38. Bg2 Rc5 39. f4 Bd7 40. h4 Bc8
41. Ra5 Bd7 42. Raa6 Rc8 43. Kf2 Rd8 44. Rd6 Rb8 45. Rdb6 Rxb6 46. Rxb6 e5 47.
Ke3 Kg7 48. Rb7 Rf7 49. Rb6 Re7 50. Rb7 Kf8 51. Rb6 Re6 52. Rb8+ Be8 53. Rb7
Rd6 54. Bf1 Rd1 55. Be2 Rg1 56. fxe5 fxe5 57. Rxh7 Rxg3+ 58. Kd2 Bf7 59. h5 b4
60. cxb4 c3+ 61. Kc2 Rg2 62. hxg6 Bxg6 63. Rc7 Rxe2+ 64. Kxc3 Bxe4 65. b5 Rc2+
0-1

[Event "4NCL Division 1b"]
[Site "Daventry, ENG"]
[Date "2020.02.08"]
[Round "5.73"]
[White "Willow, Jonah B"]
[Black "French, Max"]
[Result "0-1"]
[WhiteElo "2355"]
[BlackElo "2168"]
[PlyCount "109"]
[EventDate "2020.02.08"]
[WhiteTeam "Wood Green Monarchs"]
[BlackTeam "Barbican 4NCL 2"]

1. e4 c6 2. d4 d5 3. Nc3 dxe4 4. Nxe4 Bf5 5. Nc5 b6 6. Nb3 Nf6 7. Nf3 e6 8. g3
Bd6 9. Bg2 O-O 10. O-O Nbd7 11. Re1 Qc7 12. Nbd2 b5 13. a4 Rac8 14. c4 bxc4 15.
Nxc4 Be4 16. Bd2 Nb6 17. Nce5 c5 18. dxc5 Bxc5 19. b4 Bd6 20. Ng4 Nbd5 21.
Nxf6+ Nxf6 22. Rc1 Qb7 23. b5 Bc5 24. Be3 Rcd8 25. Qe2 Bxe3 26. fxe3 Nd5 27.
Ne5 Bxg2 28. Qxg2 a6 29. Nc6 Ra8 30. e4 Nf6 31. Rb1 axb5 32. axb5 Ra4 33. Rb2
Rfa8 34. h3 Ra3 35. Rf1 R8a4 36. e5 Ne4 37. Rf3 Qb6+ 38. Kh2 Ng5 39. Rxa3 Rxa3
40. Rb1 Nf3+ 41. Kh1 Qe3 42. Rf1 g6 43. Nb4 Rb3 44. Nc2 Qd3 45. Ne1 Nxe1 46.
Rxe1 Qxb5 47. Re2 Qc5 48. Kh2 Re3 49. Rxe3 Qxe3 50. Qb2 Kg7 51. Kg2 h5 52. h4
g5 53. hxg5 Qxg5 54. Qd4 Qg4 55. Qe3 0-1

[Event "4NCL Division 1b"]
[Site "Daventry, ENG"]
[Date "2020.02.08"]
[Round "5.77"]
[White "Fitzsimons, David"]
[Black "Regan, Natasha K"]
[Result "1-0"]
[WhiteElo "2317"]
[BlackElo "1956"]
[PlyCount "51"]
[EventDate "2020.02.08"]
[WhiteTeam "Wood Green Monarchs"]
[BlackTeam "Barbican 4NCL 2"]

1. e4 e5 2. Nf3 Nc6 3. Bc4 Nf6 4. d4 exd4 5. e5 d5 6. Bb5 Qe7 7. Qxd4 Nd7 8.
Qxd5 Nb4 9. Qe4 c6 10. Bc4 Nc5 11. Qe2 b5 12. Bb3 Bf5 13. Na3 Nxb3 14. axb3 Qc5
15. O-O Nxc2 16. Bg5 h6 17. Rac1 hxg5 18. Nxc2 g4 19. Ne3 gxf3 20. Qxf3 Bd7 21.
Rxc5 Bxc5 22. Rd1 Rd8 23. e6 fxe6 24. Ng4 Bb6 25. Ne5 Rf8 26. Qh5+ 1-0

[Event "4NCL Division 1b"]
[Site "Daventry, ENG"]
[Date "2020.02.09"]
[Round "6.51"]
[White "Parligras, Mircea-Emilian"]
[Black "Sukandar, Irine Kharisma"]
[Result "1/2-1/2"]
[WhiteElo "2600"]
[BlackElo "2402"]
[PlyCount "145"]
[EventDate "2020.02.09"]
[WhiteTeam "Chess.com Manx Liberty 1"]
[BlackTeam "Wood Green Monarchs"]

1. d4 Nf6 2. c4 e6 3. Nf3 d5 4. Nc3 a6 5. cxd5 exd5 6. Bg5 Be6 7. e3 Nbd7 8.
Bd3 Bd6 9. Bf4 Qe7 10. O-O O-O 11. h3 h6 12. Re1 Rfe8 13. Rc1 c5 14. Bxd6 Qxd6
15. dxc5 Nxc5 16. Na4 Nxd3 17. Qxd3 Ne4 18. Red1 Rac8 19. Nc3 Nxc3 20. Rxc3
Rxc3 21. Qxc3 Rc8 22. Qd2 Qc5 23. a3 Qc2 24. Nd4 Qxd2 25. Rxd2 Rc1+ 26. Kh2 Kf8
27. Kg3 Ke8 28. f4 g6 29. Kf2 h5 30. Ne2 Rc5 31. Nc3 Kd7 32. Rd4 Kc6 33. Kf3 b5
34. g4 hxg4+ 35. hxg4 a5 36. Rd2 Rc4 37. Ne2 Bd7 38. Nd4+ Kb6 39. Rd1 b4 40. b3
Rc7 41. axb4 axb4 42. Rh1 Bb5 43. Rh8 Bd3 44. Rb8+ Rb7 45. Rd8 Be4+ 46. Kg3 Kc7
47. Ra8 Kd7 48. Ra6 Bd3 49. Rf6 Ke7 50. Rc6 Kf8 51. Rd6 Be4 52. Kh4 Kg7 53. Kg5
Rc7 54. f5 gxf5 55. gxf5 Rc1 56. Rd7 Rg1+ 57. Kf4 Kf6 58. Rd6+ Kg7 59. Ke5 Re1
60. Rd7 Rxe3 61. Ne6+ Kg8 62. Ng5 Bxf5+ 63. Kxf5 Kf8 64. Rxf7+ Ke8 65. Rb7 Rxb3
66. Ke6 Re3+ 67. Kd6 Kf8 68. Nh7+ Kg8 69. Nf6+ Kf8 70. Nd7+ Kg8 71. Ne5 d4 72.
Ke6 d3 73. Kf6 1/2-1/2

[Event "4NCL Division 1b"]
[Site "Daventry, ENG"]
[Date "2020.02.09"]
[Round "6.52"]
[White "Willow, Jonah B"]
[Black "Lupulescu, Constantin"]
[Result "0-1"]
[WhiteElo "2355"]
[BlackElo "2649"]
[PlyCount "82"]
[EventDate "2020.02.09"]
[WhiteTeam "Wood Green Monarchs"]
[BlackTeam "Chess.com Manx Liberty 1"]

1. e4 c5 2. Nf3 Nc6 3. d4 cxd4 4. Nxd4 Nf6 5. Nc3 d6 6. g3 g6 7. Nde2 Bg7 8.
Bg2 O-O 9. O-O Rb8 10. a4 b6 11. Nd5 Nd7 12. c3 Ba6 13. Re1 e6 14. Ne3 Nde5 15.
b4 Bxe2 16. Qxe2 a5 17. f4 Nd7 18. Bb2 Qc7 19. Red1 Rfd8 20. Nc4 Nf6 21. Na3
Na7 22. Rac1 Rbc8 23. Qa6 d5 24. c4 dxe4 25. Be5 Qe7 26. Qxb6 axb4 27. Nb5
Rxd1+ 28. Rxd1 Nxb5 29. axb5 Nd7 30. Qa7 Qc5+ 31. Qxc5 Nxc5 32. Kf2 f5 33. Bf1
Bxe5 34. fxe5 b3 35. Ke3 Kf7 36. Be2 Ke7 37. Kd2 Na4 38. Rb1 Rd8+ 39. Ke1 Nc5
40. Rd1 Rxd1+ 41. Bxd1 g5 0-1

[Event "4NCL Division 1b"]
[Site "Daventry, ENG"]
[Date "2020.02.09"]
[Round "6.53"]
[White "Erdos, Viktor"]
[Black "Derakhshani, Borna"]
[Result "1-0"]
[WhiteElo "2621"]
[BlackElo "2342"]
[PlyCount "111"]
[EventDate "2020.02.09"]
[WhiteTeam "Chess.com Manx Liberty 1"]
[BlackTeam "Wood Green Monarchs"]

1. Nf3 Nf6 2. c4 c6 3. d4 d5 4. e3 e6 5. Bd3 Bd6 6. Nc3 Nbd7 7. e4 dxe4 8. Nxe4
Nxe4 9. Bxe4 Nf6 10. Bc2 h6 11. Bd2 b5 12. c5 Bc7 13. O-O Nd5 14. Re1 Qf6 15.
Ne5 Bxe5 16. Rxe5 Bb7 17. Qe2 Rd8 18. a4 a6 19. Ra3 Bc8 20. Rf3 Qh4 21. Ba5 Rd7
22. Re4 Qe7 23. Bd2 Nf6 24. Ref4 Qd8 25. Bc3 b4 26. Bxb4 Nd5 27. Bc3 Nxf4 28.
Rxf4 Qg5 29. g3 Qe7 30. Qe4 f5 31. Qe2 O-O 32. Rf3 Qf7 33. Re3 Re7 34. Re5 Ree8
35. Kg2 g5 36. f3 Rd8 37. Bb3 Rfe8 38. Bc4 a5 39. Qe3 f4 40. Qe4 Qh7 41. Bxa5
Qxe4 42. Rxe4 Rd5 43. Bxd5 cxd5 44. Re1 fxg3 45. hxg3 Bd7 46. b3 Rb8 47. Bb6
Kf7 48. g4 Bc6 49. Kg3 Kf6 50. Re3 Ra8 51. Bc7 Ra7 52. Be5+ Kf7 53. f4 Rb7 54.
fxg5 hxg5 55. Kf2 Kg6 56. Rf3 1-0

[Event "4NCL Division 1b"]
[Site "Daventry, ENG"]
[Date "2020.02.09"]
[Round "6.54"]
[White "Sygnowski, Tomasz"]
[Black "Jaracz, Pawel"]
[Result "0-1"]
[WhiteElo "2327"]
[BlackElo "2466"]
[PlyCount "96"]
[EventDate "2020.02.09"]
[WhiteTeam "Wood Green Monarchs"]
[BlackTeam "Chess.com Manx Liberty 1"]

1. e4 c5 2. Nf3 Nc6 3. d4 cxd4 4. Nxd4 e6 5. Be3 Nf6 6. Nd2 d6 7. Be2 Be7 8.
O-O O-O 9. c4 Bd7 10. Qb3 Qa5 11. Rfd1 Nxd4 12. Bxd4 Bc6 13. Qe3 Nd7 14. Nb3
Qc7 15. Rd2 b6 16. Rad1 h6 17. Bc3 e5 18. f4 Rad8 19. h4 a5 20. fxe5 dxe5 21.
Qg3 Qb7 22. Bg4 a4 23. Bxd7 Rxd7 24. Rxd7 Bxd7 25. Nd2 f6 26. Re1 Be6 27. b3
Rd8 28. bxa4 Qc6 29. a5 bxa5 30. Kh2 Qa4 31. Rb1 Bb4 32. Rb2 Qd1 33. Bxb4 axb4
34. Qe3 Kh7 35. Qb6 Rxd2 36. Rxd2 Qxd2 37. Qxe6 Qf4+ 38. Kh3 Qe3+ 39. g3 Qxe4
40. g4 Qf3+ 41. Kh2 h5 42. gxh5 Qxh5 43. Kg3 Qg6+ 44. Kf3 Qd3+ 45. Kg4 Qe4+ 46.
Kg3 Qf4+ 47. Kh3 f5 48. Kg2 Qe4+ 0-1